[Event "GBR-ch 65+ 106th"]
[Site "Torquay"]
[Date "2019.07.30"]
[Round "2"]
[White "Norman, Dinah M"]
[Black "Pickersgill, Adrian"]
[Result "0-1"]
[WhiteElo "1680"]
[BlackElo "1948"]
[PlyCount "98"]
[EventDate "2019.07.29"]
[EventType "swiss"]
[EventRounds "7"]
[EventCountry "ENG"]
[SourceTitle "EXT 2020"]
[Source "ChessBase"]
[SourceDate "2019.10.17"]
[SourceVersion "1"]
[SourceVersionDate "2019.10.17"]
[SourceQuality "1"]

1. d4 d6 2. e4 Nf6 3. Nc3 c6 4. Nf3 Bg4 5. Be2 e6 6. 0-0 Be7 7. a4 a5 8. Nd2 Bxe2 9. Qxe2 d5 10. e5 Nfd7 11. Qg4 g6 12. Nf3 c5 13. Bh6 cxd4 14. Qxd4 Nc6 15. Qf4 Qb6 16. Nb5 0-0-0 17. Qxf7 Nc5 18. Qf4 Ne4 19. c3 g5 20. Nxg5 Nxg5 21. Bxg5 Rdf8 22. Qd2 Bc5 23. Bf6 Rhg8 24. Rad1 Rg6 25. Nd4 Rfg8 26. g3 Nb8 27. Kg2 Nd7 28. f4 Nxf6 29. exf6 Rxf6 30. Rb1 h5 31. Nf3 Be3 32. Qd3 Bxf4 33. Qh7 Rfg6 34. Qxh5 Qc7 35. Nd4 Bxg3 36. Rf8+ Rxf8 37. Qxg6 Bh4 38. Qxe6+ Kb8 39. Nf5 Bd8 40. Qxd5 Ka8 41. Rd1 Qh7 42. Ng3 Rh8 43. h4 Qc2+ 44. Rd2 Qxa4 45. Qc5 Qxh4 46. Qc8+ Ka7 47. Rd7 Qh2+ 48. Kf3 Rf8+ 49. Ke4 Qg2+ 0-1

[Event "Wch Seniors 65 (Women) 28th"]
[Site "Bled"]
[Date "2018.11.22"]
[Round "5"]
[White "Norman, Dinah M"]
[Black "Florea, Dorina"]
[Result "1/2-1/2"]
[WhiteElo "1659"]
[BlackElo "1721"]
[PlyCount "38"]
[EventDate "2018.11.18"]
[EventType "swiss"]
[EventRounds "11"]
[EventCountry "SLO"]
[SourceTitle "CBM 187 Extra"]
[Source "ChessBase"]
[SourceDate "2018.11.04"]
[SourceVersion "1"]
[SourceVersionDate "2018.11.04"]
[SourceQuality "1"]

1. d4 Nf6 2. Nf3 e6 3. Bg5 Be7 4. e3 d5 5. Nbd2 Nbd7 6. Bd3 0-0 7. 0-0 h6 8. Bh4 c5 9. c3 c4 10. Bc2 a6 11. a4 b6 12. Bxf6 Bxf6 13. e4 Bb7 14. e5 Be7 15. Re1 Qc7 16. Nf1 b5 17. axb5 axb5 18. Rxa8 Rxa8 19. Bb1 b4 1/2-1/2

[Event "Torquay Paignton Bloodworth op"]
[Site "Torquay"]
[Date "2018.09.08"]
[Round "7"]
[White "Norman, Dinah M"]
[Black "Gunn, Michael J"]
[Result "1/2-1/2"]
[WhiteElo "130"]
[BlackElo "122"]
[PlyCount "38"]
[EventDate "2018.09.02"]
[EventType "swiss"]
[EventRounds "7"]
[EventCountry "ENG"]
[SourceTitle "CBM 187 Extra"]
[Source "ChessBase"]
[SourceDate "2018.11.04"]
[SourceVersion "1"]
[SourceVersionDate "2018.11.04"]
[SourceQuality "1"]

1. d4 b6 2. e4 Bb7 3. Bd3 e6 4. Nf3 c5 5. c3 cxd4 6. cxd4 Bb4+ 7. Nc3 Bxc3+ 8. bxc3 Qc7 9. Bd2 Nf6 10. Qe2 d6 11. Rc1 e5 12. 0-0 Nbd7 13. Rfe1 0-0 14. Nh4 Rfe8 15. d5 a6 16. Nf5 Nc5 17. Bc2 Bc8 18. Ng3 h6 19. h3 a5 1/2-1/2

[Event "Douglas IoM Minor op"]
[Site "Douglas"]
[Date "2017.09.30"]
[Round "6"]
[White "Kojima, Natsumi"]
[Black "Norman, Dinah M"]
[Result "1/2-1/2"]
[WhiteElo "1636"]
[BlackElo "1724"]
[PlyCount "105"]
[EventDate "2017.09.25"]
[EventType "swiss"]
[EventRounds "7"]
[EventCountry "IOM"]
[SourceTitle "EXT 2019"]
[Source "ChessBase"]
[SourceDate "2018.10.10"]
[SourceVersion "1"]
[SourceVersionDate "2018.10.10"]
[SourceQuality "1"]

1. e4 d5 2. exd5 Qxd5 3. Nc3 Qa5 4. d4 Nf6 5. Nf3 c6 6. g3 Bg4 7. Bg2 e6 8. 0-0 Be7 9. Bf4 0-0 10. h3 Bxf3 11. Qxf3 Nbd7 12. Rad1 Nd5 13. Nxd5 exd5 14. a3 Nf6 15. Rfe1 Qd8 16. Re2 Re8 17. Rde1 Qd7 18. Be5 Ne4 19. Qd3 Nd6 20. b3 b5 21. a4 bxa4 22. bxa4 Nc4 23. Bf4 Bf8 24. Kh2 Rxe2 25. Rxe2 Re8 26. Bf3 Rxe2 27. Bxe2 g6 28. Qb3 Nd6 29. Qb8 Ne8 30. Ba6 Kg7 31. Bc8 Qe7 32. Qe5+ Qxe5 33. Bxe5+ f6 34. Bb8 Nd6 35. Bxd6 Bxd6 36. Bb7 c5 37. Bxd5 cxd4 38. Kg2 Bc5 39. g4 g5 40. Kf3 Bb4 41. Ke4 Bc3 42. Bc4 a5 43. Kf5 Be1 44. f4 h6 45. Ke4 Bc3 46. f5 Bb2 47. Bd3 Bc3 48. Kd5 Kf7 49. Kc5 Ke7 50. Be4 Bb2 51. c4 dxc3 52. Kb5 c2 53. Bxc2 1/2-1/2

[Event "Douglas IoM Minor op"]
[Site "Douglas"]
[Date "2017.09.27"]
[Round "3"]
[White "Norman, Dinah M"]
[Black "Kent, Paul"]
[Result "1/2-1/2"]
[WhiteElo "1724"]
[BlackElo "1633"]
[PlyCount "22"]
[EventDate "2017.09.25"]
[EventType "swiss"]
[EventRounds "7"]
[EventCountry "IOM"]
[SourceTitle "EXT 2019"]
[Source "ChessBase"]
[SourceDate "2018.10.10"]
[SourceVersion "1"]
[SourceVersionDate "2018.10.10"]
[SourceQuality "1"]

1. d4 d5 2. Nf3 Nf6 3. e3 c6 4. c4 e6 5. Nc3 Be7 6. Be2 0-0 7. 0-0 Nbd7 8. Qc2 Qc7 9. Bd2 dxc4 10. Bxc4 e5 11. Be2 exd4 1/2-1/2

[Event "GBR-ch U1750 op 104th"]
[Site "Llandudno"]
[Date "2017.08.04"]
[Round "5"]
[White "Norman, Dinah M"]
[Black "Jarah, Edward W"]
[Result "1/2-1/2"]
[WhiteElo "1727"]
[BlackElo "1600"]
[PlyCount "38"]
[EventDate "2017.07.31"]
[EventType "swiss"]
[EventRounds "5"]
[EventCountry "WLS"]
[SourceTitle "EXT 2019"]
[Source "ChessBase"]
[SourceDate "2018.10.10"]
[SourceVersion "1"]
[SourceVersionDate "2018.10.10"]
[SourceQuality "1"]

1. d4 e6 2. Nf3 b6 3. e4 Bb7 4. Bd3 Ne7 5. Qe2 d5 6. e5 Nd7 7. c3 c5 8. 0-0 Ng6 9. Bg5 Be7 10. Bxe7 Qxe7 11. Qd2 Rc8 12. a4 a6 13. Na3 0-0 14. Rfe1 Kh8 15. Nc2 Rfe8 16. Ng5 h6 17. Qe3 Rc7 18. Qd2 Rec8 19. Rec1 Kg8 1/2-1/2

[Event "BCF-ch 103rd Seniors 65 U150/1750"]
[Site "Bournemouth"]
[Date "2016.08.02"]
[Round "2"]
[White "Sandercock, E Barry"]
[Black "Norman, Dinah M"]
[Result "1/2-1/2"]
[WhiteElo "1721"]
[BlackElo "1736"]
[PlyCount "108"]
[EventDate "2016.08.01"]
[EventType "swiss"]
[EventRounds "5"]
[EventCountry "ENG"]
[SourceTitle "EXT 2019"]
[Source "ChessBase"]
[SourceDate "2018.10.10"]
[SourceVersion "1"]
[SourceVersionDate "2018.10.10"]
[SourceQuality "1"]

1. Nf3 d5 2. d3 Nf6 3. Nbd2 Bf5 4. g3 h6 5. Bg2 e6 6. 0-0 Be7 7. Re1 c6 8. e4 Bh7 9. e5 Nfd7 10. d4 a5 11. a4 Na6 12. c3 0-0 13. Nf1 Re8 14. h4 Nc7 15. N1h2 b5 16. Ng4 Bf8 17. Be3 Be4 18. Qd2 Bxf3 19. Bxf3 Kh7 20. Be2 h5 21. Nh2 g6 22. Nf3 Kg8 23. Bh6 Bxh6 24. Qxh6 Nf8 25. Kh2 Qe7 26. Rg1 Nh7 27. g4 hxg4 28. Rxg4 Qf8 29. Qf4 Reb8 30. axb5 cxb5 31. Bd3 Ne8 32. h5 Ng7 33. hxg6 fxg6 34. Bxg6 Qxf4+ 35. Rxf4 Rf8 36. Bxh7+ Kxh7 37. Ng5+ Kg8 38. Rf6 a4 39. Kg2 Ra6 40. Rg6 Rf5 41. Rh1 a3 42. bxa3 Rxa3 43. Rh3 Ra2 44. Nf3 Kf7 45. Rg5 Rxg5+ 46. Nxg5+ Kg6 47. Nf3 Nf5 48. Nh4+ Nxh4+ 49. Rxh4 Rc2 50. Rh3 Kf7 51. Rh7+ Ke8 52. Rb7 Rxc3 53. Rxb5 Rc4 54. Rb8+ Kf7 1/2-1/2

[Event "BCF-ch Seniors 50 U150 /1750"]
[Site "Bournemouth"]
[Date "2016.07.26"]
[Round "2"]
[White "Mahoney, Nicholas"]
[Black "Norman, Dinah M"]
[Result "1/2-1/2"]
[WhiteElo "1748"]
[BlackElo "1736"]
[PlyCount "52"]
[EventDate "2016.07.25"]
[EventType "swiss"]
[EventRounds "5"]
[EventCountry "ENG"]
[SourceTitle "EXT 2019"]
[Source "ChessBase"]
[SourceDate "2018.10.10"]
[SourceVersion "1"]
[SourceVersionDate "2018.10.10"]
[SourceQuality "1"]

1. d4 d5 2. c4 c6 3. Nf3 Nf6 4. e3 e6 5. Nc3 Nbd7 6. Qc2 Be7 7. Bd3 dxc4 8. Bxc4 b5 9. Bd3 Bb7 10. 0-0 a6 11. Rd1 Qb6 12. e4 h6 13. e5 Nd5 14. a3 c5 15. dxc5 Bxc5 16. Ne4 Be7 17. Qe2 Nc5 18. Bb1 Nxe4 19. Bxe4 Rc8 20. Bd2 Rc4 21. Rac1 Rxe4 22. Qxe4 Nc3 23. Qe3 Qxe3 24. Bxe3 Nxd1 25. Rxd1 Bd5 26. Nd2 b4 1/2-1/2

[Event "Guernsey Holiday op 41st"]
[Site "Guernsey"]
[Date "2015.10.24"]
[Round "7"]
[White "Abbas, Ahmed C"]
[Black "Norman, Dinah M"]
[Result "1/2-1/2"]
[WhiteElo "1486"]
[BlackElo "1839"]
[PlyCount "61"]
[EventDate "2015.10.18"]
[EventType "swiss"]
[EventRounds "7"]
[EventCountry "GCI"]
[SourceTitle "EXT 2022"]
[Source "ChessBase"]
[SourceDate "2021.10.06"]
[SourceVersion "1"]
[SourceVersionDate "2021.10.06"]
[SourceQuality "1"]

1. e4 c6 2. d4 d5 3. exd5 cxd5 4. Bd3 Nc6 5. c3 Nf6 6. Bf4 Bg4 7. Qb3 Qc8 8. Nd2 e6 9. Ngf3 Bxf3 10. Nxf3 Be7 11. 0-0 0-0 12. Rae1 a6 13. Qd1 Re8 14. Ne5 b5 15. Re3 b4 16. Rh3 g6 17. Re1 Nxe5 18. Bxe5 Nd7 19. Qd2 Bf8 20. Qf4 Nxe5 21. Qxe5 Bg7 22. Qf4 bxc3 23. Rc1 Qd8 24. bxc3 Ra7 25. Qe3 Qc7 26. c4 dxc4 27. Rxc4 Qd7 28. Qf4 Rc8 29. Rxc8+ Qxc8 30. Rf3 Qc7 31. Qe4 1/2-1/2

[Event "Guernsey Holiday op 41st"]
[Site "Guernsey"]
[Date "2015.10.22"]
[Round "5"]
[White "Gstalter, Herbert"]
[Black "Norman, Dinah M"]
[Result "1/2-1/2"]
[WhiteElo "1640"]
[BlackElo "1839"]
[PlyCount "37"]
[EventDate "2015.10.18"]
[EventType "swiss"]
[EventRounds "7"]
[EventCountry "GCI"]
[SourceTitle "EXT 2022"]
[Source "ChessBase"]
[SourceDate "2021.10.06"]
[SourceVersion "1"]
[SourceVersionDate "2021.10.06"]
[SourceQuality "1"]

1. d4 d5 2. c4 c6 3. cxd5 cxd5 4. Nc3 Nf6 5. Bf4 Nc6 6. e3 a6 7. Qb3 e6 8. Bd3 Be7 9. Nf3 0-0 10. Rc1 Na5 11. Qd1 Bd7 12. 0-0 Rc8 13. Ne5 Nc4 14. Qe2 Nd6 15. Nxd7 Qxd7 16. Bxd6 Bxd6 17. Rc2 Rfd8 18. Rfc1 Be7 19. a3 1/2-1/2